| 000 | 01077namaa22002411 4500 | ||
|---|---|---|---|
| 001 | 174144 | ||
| 003 | ES-MaACL | ||
| 005 | 20250815105803.0 | ||
| 008 | 100224s1916 sp |||| | spa d | ||
| 080 | _a552(47) | ||
| 100 | 1 |
_aPiña de Rubíes, Santiago. _992249 |
|
| 245 | 1 | 0 |
_aLitoquímica de la sierra Kalpak-Kazansky (Rusia) / _cpor S. Piña de Rubies ; parte micrografíca por L. Duparc y R. Sabot. |
| 260 |
_aMadrid : _bJunta para la Ampliación de Estudios e Investigaciones Científicas, _c1916 ( _fImp. Clásica Española) |
||
| 300 |
_a40 p. : _bil. ; _c23 cm. |
||
| 490 | 1 |
_aTrabajos del Museo Nacional de Ciencias Naturales. Serie geológica ; _v16 |
|
| 650 | 4 |
_aPetrología- _zRusia. _9142227 |
|
| 700 | 1 |
_aDuparc, Louis. _9142228 |
|
| 700 | 1 |
_aSabot, R. _9142229 |
|
| 710 | 2 |
_aJunta para la Ampliación de Estudios e Investigaciones Científicas. _95413 |
|
| 830 | 0 | 0 |
_aTrabajos del Museo Nacional de Ciencias Naturales. _pSerie geológica _v16 _9189286 |
| 852 |
_aES-MaACL _jB-13128(4) _z.- Encuadernado con otras obras |
||
| 999 |
_c174144 _d174144 |
||